| 000 | 00916nam a2200253 a 4500 | ||
|---|---|---|---|
| 001 | 000022996 | ||
| 005 | 20260211120828.0 | ||
| 008 | 101124s1998 mx a 001 0 spa d | ||
| 020 | _a9688809748 | ||
| 040 |
_aDO-SdBNP _bspa _cBNPHU |
||
| 082 |
_a658.84 _bC771i |
||
| 100 | 1 |
_aCook, David, _947302 |
|
| 245 | 1 | 0 |
_aInicie su negocio en web : _bconsejos prácticos para llevar con éxito su negocio a un público mundial / _cDavid Cook, Deborah Sellers ; traducción de Jorge Alberto Velázquez Arellano. |
| 260 |
_aMéxico : _bPrentice-Hall Hispanoamericana, _c1998. |
||
| 300 |
_axxvii, 621 p. : _bil. ; _c23 cm. |
||
| 500 | _aIncluye índice. | ||
| 650 | 0 |
_aComercio electronico _947303 |
|
| 650 | 4 |
_aMercadeo por internet _947304 |
|
| 650 | 4 |
_aNegocios por internet _947305 |
|
| 700 | 1 |
_aSellers, Deborah _947306 |
|
| 700 | 1 |
_aVelázquez Arellano, Jorge Alberto, _etr. _947307 |
|
| 910 | _aWM | ||
| 049 | _aBNGR | ||
| 999 |
_c22493 _d22493 |
||